000 00390 a2200169 4500
001 184879
020 _a85-04-00777-4
040 _cMagnum
100 _aQueirós, Eça de
240 1 0 _aA cidade e as serras
_lpor
245 1 0 _aA cidade e as serras
300 _a176
362 0 _a2004
440 1 _aCompanhia Editora Nacional
697 _aLITERATURA GERAL ESTRANGEIRA
942 _cBK
999 _c184879
_d184879